CLINICAL NURSING PROCEDURES: THE ART OF NURSING PRACTICE (Record no. 21876)

MARC details
000 -LEADER
fixed length control field 00370nam a22001577a 4500
003 - CONTROL NUMBER IDENTIFIER
control field SGT
020 ## - INTERNATIONAL STANDARD BOOK NUMBER
International Standard Book Number 978938988516
082 ## - DEWEY DECIMAL CLASSIFICATION NUMBER
Classification number 610.73
Item number C20J
100 ## - MAIN ENTRY--PERSONAL NAME
Personal name JACOB, ANNAMMA
245 ## - TITLE STATEMENT
Title CLINICAL NURSING PROCEDURES: THE ART OF NURSING PRACTICE
250 ## - EDITION STATEMENT
Edition statement 4TH
260 ## - PUBLICATION, DISTRIBUTION, ETC. (IMPRINT)
Place of publication, distribution, etc INDIA
Name of publisher, distributor, etc JAYPEE PUB
Year of Publication 2020
300 ## - PAGE DESCRIPTION
No. of Pages 1037
650 ## - SUBJECT ADDED ENTRY--TOPICAL TERM
Topical term or geographic name as entry element NURSING
942 ## - ADDED ENTRY ELEMENTS (KOHA)
Source of classification or shelving scheme Dewey Decimal Classification
Koha item type Books
942 ## - ADDED ENTRY ELEMENTS (KOHA)
-- 97
Holdings
Withdrawn status Lost status Source of classification or shelving scheme Damaged status Not for loan Collection code Home library Current library Shelving location Date acquired Vendor Name Cost, normal purchase price SGTU Bill Number Total Checkouts Full call number Accession No. (Barcode) Date last seen Date last borrowed Bill Date Koha item type
    Dewey Decimal Classification     NURSING SGT Medical Library SGT Medical Library Text Book 27/09/2021 JAYPEE PUB 1395.00 SGTU N5/INV/-1/2100076 62 610.73 C20J FN4176 02/05/2025 02/05/2025   Books
    Dewey Decimal Classification     NURSING SGT Medical Library SGT Medical Library Text Book 27/09/2021 JAYPEE PUB 1395.00 SGTU N5/INV/-1/2100076 8 610.73 C20J FN4177 03/05/2024 11/04/2024   Books
    Dewey Decimal Classification     NURSING SGT Medical Library SGT Medical Library Text Book 27/09/2021 JAYPEE PUB 1395.00 SGTU N5/INV/-1/2100076 18 610.73 C20J FN4178 29/05/2024 27/05/2024   Books
    Dewey Decimal Classification     NURSING SGT Medical Library SGT Medical Library Text Book 27/09/2021 JAYPEE PUB 1395.00 SGTU N5/INV/-1/2100076 11 610.73 C20J FN4179 21/08/2023 03/08/2023   Books
    Dewey Decimal Classification   Not For Loan NURSING SGT Medical Library SGT Medical Library Text Book 27/09/2021 JAYPEE PUB 1395.00 SGTU N5/INV/-1/2100076 1 610.73 C20J FN4180 20/05/2023 20/05/2023   Books